Repercusse̳s jurd̕icas e econm̥icas do mercado de carte̳s de crďito

Bibliographic Details
Main Author: de Lima Junior, Joô Manoel
Other Authors: Ruhe, Ana Paula, Borges Silva, Gabriela, Alto,̌ Jos ̌Egidio
Format: eBook
Language:Portuguese
Published: Rio de Janeiro: FGV - Direito Rio, 2021
Subjects:
Online Access:Acceso restringido

MARC

LEADER 00000nam a22000007a 4500
005 20220504222026.0
007 cr|||| |||
008 220504s2021 br |||||s|||| 00||0 por d
020 |a 978-65-86060-25-6 
035 |a 36278 
040 |a vLex 
090 |c 13284  |d 13284 
100 1 |a de Lima Junior, Joô Manoel 
245 1 0 |a Repercusse̳s jurd̕icas e econm̥icas do mercado de carte̳s de crďito  |h [Recurso electrn̤ico] /  |c Joô Manoel de Lima Junior, Ana Paula Ruhe, Gabriela Borges Silva, Jos ̌Egidio Altǒ 
256 |a Servicio en ln̕ea 
260 |a Rio de Janeiro:  |b FGV - Direito Rio,  |c 2021 
300 |a 1 recurso electrn̤ico 
506 1 |a Disponible solo en los productos indicados  |d vLex Global  |d vLex Global (Academic Edition, excluding Law Schools)  |d vLex Global (U.S. Academic Edition, Law Schools)  |d vLex Global (U.S. Academic Edition, excluding Law Schools)  |d vLex Global (Academic Edition, Law Schools) 
650 0 4 |a Derecho Fiscal  |z Brasil 
700 1 |a Ruhe, Ana Paula 
700 1 |a Borges Silva, Gabriela 
700 1 |a Alto,̌ Jos ̌Egidio 
740 0 |a vLex Libros (Servicio en ln̕ea) 
856 4 0 |u https://app.vlex.com/#/sources/36278  |z Acceso restringido 
942 |c BOOK 
999 0 |a Tax Law